000 00585nam a2200193 a 4500
005 20231013063606.0
008 991125s1939 mx 000 0 spa u
035 _aUPN01000026080
049 _aLT
050 4 _aLB1583 M6.2
_bZ4.39 1939
100 1 _aZepeda, Tomás
_938156
245 1 0 _aGeografía general y particular de México /
_cpor Tomás Zepeda.
260 _aMéxico :
_bProgreso,
_c1939
300 _a63 p. :
_bil., mapas
500 _a"Primer grado"
500 _a"Para 2o. y 3er. años"
650 4 _aGeografía
_xEstudio y enseñanza (Elemental)
_92801
905 _aLibro
999 _c26080
_d26080